15 krajów o największej liczbie zgonów Covid19 - 27 kwietnia 2022 - Statystyki

Ogólne statystyki
  • Ten quiz został rozwiązany 41 razy
  • Średni wynik to 12 z 27
Statystyki odpowiedzi
kraj % Poprawnych
Rosja
95%
Niemcy
92%
Polska
92%
Stany Zjednoczone
92%
Francja
81%
Włochy
78%
Indie
70%
Wielka Brytania
65%
Brazylia
59%
Czechy
51%
Meksyk
46%
Słowacja
43%
Litwa
38%
Łotwa
38%
Argentyna
32%
Chorwacja
32%
Rumunia
30%
Słowenia
30%
Indonezja
27%
Węgry
27%
Kolumbia
24%
Peru
24%
Iran
22%
Bułgaria
16%
Macedonia Północna
14%
Bośnia i Hercegowina
11%
Gruzja
8%
Nie znaleziono quizów pasujących do podanych kryteriów
Rozkład punktacji
Procent ludzi z każdym wynikiem
Percentyl według liczby udzielonych odpowiedzi
Twoja historia wyników
Nie rozwiązałeś tego quizu